Who speaks for the child : the problems of proxy consent /

Bibliographic Details
Other Authors: Gaylin, Willard, Macklin, Ruth, 1938-
Format: Book
Language:English
Published: New York : Plenum Press, [1982]
Series:Hastings Center series in ethics.
Subjects:

MARC

Tag First Indicator Second Indicator Subfields
LEADER 00000pam a2200000 a 4500
001 in00000070264
005 20151008061652.0
008 820331s1982 nyu b 00100 eng
010 |a  82005392  
020 |a 0306408600 
035 |a (OCoLC)08387063 
035 |9 AAJ8559AM 
039 0 |a 2  |b 3  |c 3  |d 3  |e 3 
040 |a DLC  |c DLC  |d TXA  |d UtOrBLW 
043 |a n-us--- 
049 |a TXAM  |c [1387634] 
050 0 0 |a KF479.A75  |b W46 1982 
082 0 |a 346.7301/35  |a 347.306135  |2 19 
245 0 0 |a Who speaks for the child :  |b the problems of proxy consent /  |c edited by Willard Gaylin and Ruth Macklin. 
264 1 |a New York :  |b Plenum Press,  |c [1982] 
264 4 |c ©1982 
300 |a xii, 315 pages ;  |c 22 cm. 
336 |a text  |b txt  |2 rdacontent 
337 |a unmediated  |b n  |2 rdamedia 
338 |a volume  |b nc  |2 rdacarrier 
490 1 |a The Hastings Center series in ethics 
504 |a Includes bibliographical references and index. 
650 0 |a Children  |x Legal status, laws, etc.  |z United States. 
650 0 |a Informed consent (Medical law)  |z United States. 
650 0 |a Parent and child (Law)  |z United States. 
700 1 |a Gaylin, Willard. 
700 1 |a Macklin, Ruth,  |d 1938- 
830 0 |a Hastings Center series in ethics. 
999 |a MARS 
999 f f |s 5fe7fe0a-3cd0-3537-bf6c-8d1989e12fe1  |i 8a95e9e6-6b29-3ab3-8aa7-9f484cdcb873  |t 0 
952 f f |p ric  |a Texas A&M University  |b Rellis Campus  |c Joint Library Facility  |d Remote Storage  |t 0  |e KF479.A75 W46 1982  |h Library of Congress classification  |i unmediated -- volume  |m A14806154969 
998 f f |a KF479.A75 W46 1982  |t 0  |l Remote Storage